成渝客专、成宜高铁所有客运车站 Chengdu-Chongqing/Yibin Railway stations - Statistics

General Stats
  • This quiz has been taken 26 times
  • The average score is 19 of 23
Answer Stats
线路 地市 车站 % Correct
成渝客专 成都 成都东
100%
成宜高铁 成都 成都东
100%
成渝客专 成都 简阳南
95%
成渝客专 资阳 资阳北
95%
成渝客专 内江 资中北
95%
成渝客专 内江 内江北
95%
成渝客专 重庆 重庆
95%
成渝客专 重庆 沙坪坝
90%
成渝客专 内江 隆昌北
86%
成渝客专 重庆 璧山
86%
成宜高铁 自贡 自贡
86%
成宜高铁 宜宾 宜宾东
86%
成渝客专 重庆 荣昌北
81%
成渝客专 重庆 永川东
81%
成宜高铁 成都 天府(未开通)
81%
成宜高铁 资阳 资阳西
81%
成渝客专 重庆 大足南
76%
成宜高铁 成都 天府机场
76%
成宜高铁 自贡 沿滩
76%
成宜高铁 内江 威远
71%
成宜高铁 内江 资中西
67%
成宜高铁 宜宾 南溪北
62%
成宜高铁 成都 三岔湖
57%
No matching quizzes found
Score Distribution
Percent of People with Each Score
Percentile by Number Answered
Your Score History
You have not taken this quiz